书目信息 |
| 题名: |
影视广告制作
|
|
| 作者: | 孙友权 , 王中州 , 陈南 主编 | |
| 分册: | ||
| 出版信息: | 武汉 华中科技大学出版社 2019.1 |
|
| 页数: | 146页 | |
| 开本: | 26cm | |
| 丛书名: | ||
| 单 册: | ||
| 中图分类: | F713.8 , J524.3 | |
| 科图分类: | ||
| 主题词: | 电影--广告--制作--高等学校--教材 , 电视节目--广告--制作--高等学校--教材 | |
| 电子资源: | ||
| ISBN: | 978-7-5680-4891-0 | |
| 000 | 01493nam0 2200325 45 | |
| 001 | 012001000952 | |
| 005 | 20130910101654.0 | |
| 010 | @a978-7-5680-4891-0@dCNY58.00 | |
| 099 | @aCAL 012019043924 | |
| 100 | @a20190410d2019 em y0chiy0110 ea | |
| 101 | 0 | @achi |
| 102 | @aCN@b420000 | |
| 105 | @aak z 000yy | |
| 106 | @ar | |
| 200 | 1 | @a影视广告制作@Aying shi guang gao zhi zuo@d= Advertisement making of film and television@f孙友权, 王中州, 陈南主编@zeng |
| 210 | @a武汉@c华中科技大学出版社@d2019.1 | |
| 215 | @a146页@c彩图,彩照@d26cm | |
| 300 | @a普通高等院校数字媒体艺术与动画专业“十三五”案例式规划教材 | |
| 300 | @a并列题名:Advertisement making of film and television | |
| 330 | @a本书以图文并茂的编写形式,全面讲述了影视广告的主要内容,结合国内外的发展趋势,对影视广告的发展状况及发展前景进行分析,通过对影视广告概述、影视广告的定位与划分形式、影视广告创意、影视广告拍摄、影视广告灯光制作和影视广告声音制作等方面的细致表述,将影视广告的主要内容展现给读者,帮助读者掌握影视广告知识体系,掌握影视广告拍摄的要点,熟悉影视广告的文案编写以及后期制作等方面的内容。 | |
| 510 | 1 | @aAdvertisement making of film and television@zeng |
| 606 | 0 | @a电影@x广告@x制作@x高等学校@j教材 |
| 606 | 0 | @a电视节目@x广告@x制作@x高等学校@j教材 |
| 690 | @aF713.8@v5 | |
| 690 | @aJ524.3@v5 | |
| 701 | 0 | @a孙友权@ASun Youquan@4主编 |
| 701 | 0 | @a王中州@AWang Zhongzhou@4主编 |
| 701 | 0 | @a陈南@AChen Nan@4主编 |
| 801 | @aCN@b江苏凤凰@c20211018 | |
| 905 | @b1341641-4@dF713.8@e1212@f4 | |
| 影视广告制作= Advertisement making of film and television/孙友权, 王中州, 陈南主编.-武汉:华中科技大学出版社,2019.1 |
| 146页:彩图,彩照;26cm |
| 普通高等院校数字媒体艺术与动画专业“十三五”案例式规划教材.-并列题名:Advertisement making of film and television |
| ISBN 978-7-5680-4891-0:CNY58.00 |
| 本书以图文并茂的编写形式,全面讲述了影视广告的主要内容,结合国内外的发展趋势,对影视广告的发展状况及发展前景进行分析,通过对影视广告概述、影视广告的定位与划分形式、影视广告创意、影视广告拍摄、影视广告灯光制作和影视广告声音制作等方面的细致表述,将影视广告的主要内容展现给读者,帮助读者掌握影视广告知识体系,掌握影视广告拍摄的要点,熟悉影视广告的文案编写以及后期制作等方面的内容。 |
| ● |
| 相关链接 |
|
|
|
|
正题名:影视广告制作
索取号:F713.8/1212
 
预约/预借
| 序号 | 登录号 | 条形码 | 馆藏地/架位号 | 状态 | 备注 |
| 1 | 1341641 | 213416418 | 第一样本阅览室/ [索取号:F713.8/1212] | 在馆 | |
| 2 | 1341642 | 213416427 | 第一借阅区/ [索取号:F713.8/1212] | 在馆 | |
| 3 | 1341643 | 213416436 | 第一借阅区/ [索取号:F713.8/1212] | 在馆 | |
| 4 | 1341644 | 213416445 | 第一借阅区/ [索取号:F713.8/1212] | 在馆 |